| 000 | 01614cam a22003854i 4500 | ||
|---|---|---|---|
| 003 | PE-LiUPU | ||
| 005 | 20250731183416.0 | ||
| 008 | 150623s r 000 0 d | ||
| 020 | _a0871238128 | ||
| 035 | _a(Sirsi) i9780871238122 | ||
| 040 |
_aPE-LiUPU _bspa _cPE-LiUPU _erda |
||
| 049 | _aPRUA | ||
| 082 | 0 | 4 |
_a793 _bN52 _221 |
| 245 | 0 | 0 |
_aNon-competitive games for people of all ages : _beveryone's a winner! / _cSusan Butler ed. |
| 264 | 1 |
_aMinneapolis, Minnesota : _bBethany House Publishers, _c1986. |
|
| 300 |
_a204 páginas ; _c21 centímetros |
||
| 336 |
_atext _2rdacontent |
||
| 337 |
_aunmediated _2rdamedia |
||
| 338 |
_avolume _2rdacarrier |
||
| 505 | 0 | _aGames for preschool children. Games for school-age children. Mixers and first-meeting games. Circle and pass-it-on games. Guessing games. Word games. Creative games. Damatic games. Rhythm and music games. Storytelling games. Relationship-building games. Active games. Water games. Stunts. Travel games. | |
| 526 | _aP158 | ||
| 526 | _aP146 | ||
| 526 | _aP17 | ||
| 526 | _aP12 | ||
| 526 | _aP06 | ||
| 650 | 0 | 4 | _aJuegos de grupo. |
| 650 | 0 | 4 | _aJuegos. |
| 700 | 1 |
_aButler, Susan, _eed. |
|
| 942 |
_2ddc _cBOOK |
||
| 949 |
_a793 N52 _wDEWEY _c1 _i51689 _lCCODEBUL1 _mBUL _p10.00 _r0 _sY _tBOOK _u2015-6-24 _xTEOLOGIA _PP35 _0COMPRA _o.STAFF. Colección General |
||
| 994 |
_aC0 _bPEPRU |
||
| 596 | _a1 | ||
| 999 |
_a793 N52 _wDEWEY _c33442 _i51689 _f2021-11-12 _g5 _lCCODEBUL1 _mBUL _p10.00 _r0 _sY _tBOOK _u2015-6-24 _xTEOLOGIA _PP35 _0COMPRA _o.STAFF. Colección General _d33442 |
||
| 980 |
_81 _gALBERTO SANCHEZ Responsable de Automatización |
||